<?xml version="1.0" encoding="UTF-8"?>
<record
    xmlns:xsi="http://www.w3.org/2001/XMLSchema-instance"
    xsi:schemaLocation="http://www.loc.gov/MARC21/slim http://www.loc.gov/standards/marcxml/schema/MARC21slim.xsd"
    xmlns="http://www.loc.gov/MARC21/slim">

  <leader>01365nam a2200217Ia 4500</leader>
  <controlfield tag="003">OSt</controlfield>
  <controlfield tag="005">20260507120522.0</controlfield>
  <controlfield tag="008">210210b1978   xxu||||| |||| 00| 0 eng d</controlfield>
  <datafield tag="040" ind1=" " ind2=" ">
    <subfield code="c">AL</subfield>
  </datafield>
  <datafield tag="041" ind1=" " ind2=" ">
    <subfield code="a">Kannada</subfield>
  </datafield>
  <datafield tag="082" ind1=" " ind2=" ">
    <subfield code="a">K894.3 KERI</subfield>
  </datafield>
  <datafield tag="100" ind1=" " ind2=" ">
    <subfield code="a">KERURU VASUDEVACHARYA.</subfield>
    <subfield code="d">&#xC95;&#xCC6;&#xCB0;&#xCC2;&#xCB0;&#xCC1; &#xCB5;&#xCBE;&#xCB8;&#xCC1;&#xCA6;&#xCC7;&#xCB5;&#xCBE;&#xC9A;&#xCBE;&#xCB0;&#xCCD;&#xCAF; </subfield>
    <subfield code="9">238731</subfield>
  </datafield>
  <datafield tag="245" ind1=" " ind2=" ">
    <subfield code="a">Indira</subfield>
    <subfield code="b">&#xC87;&#xC82;&#xCA6;&#xCBF;&#xCB0;&#xCBE; </subfield>
  </datafield>
  <datafield tag="260" ind1=" " ind2=" ">
    <subfield code="a">Maisuru</subfield>
    <subfield code="b">Usha Sahitya Male</subfield>
    <subfield code="c">1978</subfield>
  </datafield>
  <datafield tag="300" ind1=" " ind2=" ">
    <subfield code="a">307</subfield>
  </datafield>
  <datafield tag="520" ind1=" " ind2=" ">
    <subfield code="a">&#xC95;&#xCC6;&#xCB0;&#xCC2;&#xCB0;&#xCC1; &#xCB5;&#xCBE;&#xCB8;&#xCC1;&#xCA6;&#xCC7;&#xCB5;&#xCBE;&#xC9A;&#xCBE;&#xCB0;&#xCCD;&#xCAF; (1866-1921) &#xCB0;&#xC9A;&#xCBF;&#xCB8;&#xCBF;&#xCA6; '&#xC87;&#xC82;&#xCA6;&#xCBF;&#xCB0;&#xCBE;' (1908) &#xC95;&#xCA8;&#xCCD;&#xCA8;&#xCA1;&#xCA6; &#xCAA;&#xCCD;&#xCB0;&#xCAE;&#xCC1;&#xC96; &#xC86;&#xCB0;&#xC82;&#xCAD;&#xCBF;&#xC95; &#xCB8;&#xCBE;&#xCAE;&#xCBE;&#xC9C;&#xCBF;&#xC95; &#xC95;&#xCBE;&#xCA6;&#xC82;&#xCAC;&#xCB0;&#xCBF;&#xC97;&#xCB3;&#xCB2;&#xCCD;&#xCB2;&#xCCA;&#xC82;&#xCA6;&#xCBE;&#xC97;&#xCBF;&#xCA6;&#xCC6;. &#xC88; &#xC95;&#xCC3;&#xCA4;&#xCBF;&#xCAF;&#xCC1; &#xCB8;&#xC82;&#xCAA;&#xCCD;&#xCB0;&#xCA6;&#xCBE;&#xCAF;&#xCB5;&#xCBE;&#xCA6;&#xCBF; &#xCA6;&#xCC3;&#xCB7;&#xCCD;&#xC9F;&#xCBF;&#xC95;&#xCCB;&#xCA8;&#xCA6;&#xCBF;&#xC82;&#xCA6; &#xCAE;&#xCB9;&#xCBF;&#xCB3;&#xCBE; &#xCB5;&#xCBF;&#xCAE;&#xCCB;&#xC9A;&#xCA8;&#xCC6; &#xCAE;&#xCA4;&#xCCD;&#xCA4;&#xCC1; &#xCB8;&#xCBE;&#xCAE;&#xCBE;&#xC9C;&#xCBF;&#xC95; &#xCB8;&#xCC1;&#xCA7;&#xCBE;&#xCB0;&#xCA3;&#xCC6;&#xCAF;&#xCA8;&#xCCD;&#xCA8;&#xCC1; &#xC9A;&#xCB0;&#xCCD;&#xC9A;&#xCBF;&#xCB8;&#xCC1;&#xCA4;&#xCCD;&#xCA4;&#xCA6;&#xCC6;. &#xC87;&#xCA6;&#xCC1; &#xC86; &#xC95;&#xCBE;&#xCB2;&#xCA6; &#xC87;&#xCA4;&#xCB0; &#xC95;&#xCBE;&#xCA6;&#xC82;&#xCAC;&#xCB0;&#xCBF;&#xC97;&#xCB3;&#xCBF;&#xC97;&#xCBF;&#xC82;&#xCA4; &#xCAD;&#xCBF;&#xCA8;&#xCCD;&#xCA8;&#xCB5;&#xCBE;&#xC97;&#xCBF;, &#xCB8;&#xCBE;&#xC82;&#xCAA;&#xCCD;&#xCB0;&#xCA6;&#xCBE;&#xCAF;&#xCBF;&#xC95; &#xC9A;&#xCCC;&#xC95;&#xC9F;&#xCCD;&#xC9F;&#xCBF;&#xCA8;&#xCB2;&#xCCD;&#xCB2;&#xCBF; &#xCAE;&#xCB9;&#xCBF;&#xCB3;&#xCBE; &#xCAA;&#xCBE;&#xCA4;&#xCCD;&#xCB0;&#xC97;&#xCB3;&#xCA8;&#xCCD;&#xCA8;&#xCC1; &#xC9A;&#xCBF;&#xCA4;&#xCCD;&#xCB0;&#xCBF;&#xCB8;&#xCBF;&#xCA6;&#xCC6;</subfield>
  </datafield>
  <datafield tag="650" ind1=" " ind2=" ">
    <subfield code="a">First Kannada novel</subfield>
    <subfield code="9">263468</subfield>
  </datafield>
  <datafield tag="690" ind1=" " ind2=" ">
    <subfield code="a">Kannada Fiction</subfield>
    <subfield code="9">238732</subfield>
  </datafield>
  <datafield tag="906" ind1=" " ind2=" ">
    <subfield code="a">SG01668</subfield>
  </datafield>
  <datafield tag="942" ind1=" " ind2=" ">
    <subfield code="2">ddc</subfield>
    <subfield code="c">SG</subfield>
  </datafield>
  <datafield tag="999" ind1=" " ind2=" ">
    <subfield code="c">113149</subfield>
    <subfield code="d">113149</subfield>
  </datafield>
  <datafield tag="952" ind1=" " ind2=" ">
    <subfield code="0">0</subfield>
    <subfield code="1">0</subfield>
    <subfield code="2">ddc</subfield>
    <subfield code="4">0</subfield>
    <subfield code="7">4</subfield>
    <subfield code="8">KAN</subfield>
    <subfield code="a">AL</subfield>
    <subfield code="b">AL</subfield>
    <subfield code="c">SSS</subfield>
    <subfield code="d">2021-02-17</subfield>
    <subfield code="g">0.00</subfield>
    <subfield code="l">0</subfield>
    <subfield code="o">K894.3 KERI</subfield>
    <subfield code="p">SG01668</subfield>
    <subfield code="r">2021-02-17 00:00:00</subfield>
    <subfield code="w">2021-02-17</subfield>
    <subfield code="y">SG</subfield>
  </datafield>
</record>
